Normal view MARC view
  • Delhi (India)

Entry Geographic Name

Number of records used in: 1

001 - CONTROL NUMBER

  • control field: 89438

003 - CONTROL NUMBER IDENTIFIER

  • control field: NUST

005 - DATE AND TIME OF LATEST TRANSACTION

  • control field: 20220223140028.0

008 - FIXED-LENGTH DATA ELEMENTS

  • fixed length control field: 220223|| aca||aabn | a|a d

040 ## - CATALOGING SOURCE

  • Original cataloging agency: NUST
  • Transcribing agency: NUST

151 ## - HEADING--GEOGRAPHIC NAME

  • Geographic name: Delhi (India)
  • General subdivision: Social life and customs

670 ## - SOURCE DATA FOUND

  • Source citation: Work cat.: (NUST)174542: Dalrymple, William. 89436, City of Djinns :, 1993.
© 2023 Central Library, National University of Sciences and Technology. All Rights Reserved.